| 000 | 00975cam a2200301 a 4500 | ||
|---|---|---|---|
| 005 | 20260322212024.0 | ||
| 008 | data | ||
| 010 | _a 2009026988 | ||
| 015 |
_aGBA974504 _2bnb |
||
| 016 | 7 |
_a015337099 _2Uk |
|
| 020 | _a9780789742537 | ||
| 020 | _a0789742535 | ||
| 040 |
_aDLC _cDLC _dDLC _dBTCTA _dUKM _dYDXCP _dDLC |
||
| 050 | 0 | 0 |
_aQA76.5 _b.M531412 2010 |
| 082 | 0 | 0 |
_a004 _222 |
| 092 | _a004 Mil 2010 | ||
| 100 | 1 |
_aMiller, Michael, _d1958- |
|
| 245 | 1 | 0 |
_aAbsolute beginner's guide to computer basics / _cMichael Miller. |
| 250 | _a5th ed. | ||
| 260 |
_aIndianapolis, Ind. : _bQue, _cc2010. |
||
| 300 |
_axx, 426 p. : _bill. ; _c24 cm. |
||
| 500 | _aIncludes index. | ||
| 650 | 0 | _aComputers. | |
| 906 |
_a7 _bcbc _corignew _d1 _eecip _f20 _gy-gencatlg |
||
| 925 | 0 |
_aacquire _b1 shelf copy _xpolicy default |
|
| 955 |
_wrd14 2009-07-06 _fxh14 2009-12-09 Z-CipVer |
||
| 001 | data | ||
| 999 |
_c538 _d538 |
||